书目信息 |
| 题名: |
跨文化交际导论
|
|
| 作者: | 窦卫霖 主编 | |
| 分册: | ||
| 出版信息: | 北京 对外经济贸易大学出版社 2017 |
|
| 页数: | 287页 | |
| 开本: | 23cm | |
| 丛书名: | ||
| 单 册: | ||
| 中图分类: | G115 | |
| 科图分类: | ||
| 主题词: | 文化交流--高等学校--教材--英文 | |
| 电子资源: | ||
| ISBN: | 978-7-5663-1718-6 | |
| 000 | 01183nam0 2200265 450 | |
| 001 | 0104163342 | |
| 005 | 20170613164143.0 | |
| 010 | @a978-7-5663-1718-6@dCNY39.00 | |
| 100 | @a20170413d2017 em y0chiy0120 ea | |
| 101 | 0 | @aeng@achi |
| 102 | @aCN@b110000 | |
| 105 | @aa z 000yy | |
| 106 | @ar | |
| 200 | 1 | @a跨文化交际导论@9Kua Wen Hua Jiao Ji Dao Lun @e英文版@f窦卫霖主编@b专著@dIntroduction to intercultural communication@zeng |
| 205 | @a2版 | |
| 210 | @a北京@c对外经济贸易大学出版社@d2017 | |
| 215 | @a287页@c图照片@d23cm | |
| 300 | @a新基点全国高等院校商务英语专业本科系列规划教材·商务知识子系列 | |
| 330 | @a本书共分四部分十三章,前三章为基础篇,其中第一章概述跨文化交际的基本概念、特征、重要性、以及研究发展历史;第二章论述文化和交际及其文化;第三章介绍有关文化价值观及文化维度的研究;第二部分为跨文化交际过程篇,包括第四至第六章,之后的六章构成应用篇;最后十三章为提高篇,探讨跨文化交际能力的构成与提高。 | |
| 510 | 1 | @aIntroduction to intercultural communication@zeng |
| 606 | 0 | @a文化交流@x高等学校@j教材@j英文 |
| 690 | @aG115@v5 | |
| 701 | 0 | @a窦卫霖@c(女,@f1959~)@4主编@9dou wei lin |
| 801 | 0 | @aCN@bAZmarc@c20230904 |
| 905 | @aBZT@dG115@e3@f1@sG115/3 | |
| 跨文化交际导论:英文版/窦卫霖主编=Introduction to intercultural communication.-2版.-北京:对外经济贸易大学出版社,2017 |
| 287页:图照片;23cm |
| 新基点全国高等院校商务英语专业本科系列规划教材·商务知识子系列 |
| ISBN 978-7-5663-1718-6:CNY39.00 |
| 本书共分四部分十三章,前三章为基础篇,其中第一章概述跨文化交际的基本概念、特征、重要性、以及研究发展历史;第二章论述文化和交际及其文化;第三章介绍有关文化价值观及文化维度的研究;第二部分为跨文化交际过程篇,包括第四至第六章,之后的六章构成应用篇;最后十三章为提高篇,探讨跨文化交际能力的构成与提高。 |
| ● |
| 相关链接 |
|
|
|
正题名:跨文化交际导论
索取号:G115/3
 
预约/预借
| 序号 | 登录号 | 条形码 | 馆藏地/架位号 | 状态 | 备注 |